System software (Record no. 15279)

MARC details
000 -LEADER
fixed length control field 00435nam a2200169Ia 4500
008 - FIXED-LENGTH DATA ELEMENTS--GENERAL INFORMATION
fixed length control field 230917s9999||||xx |||||||||||||| ||und||
020 ## - ISBN
Price RS190
040 ## - CATALOGING SOURCE
-- 226476
Original cataloging agency VIVEKANANDA LIBRARY
041 ## - Language
-- English
082 ## - DDC NUMBER
Classification number 005.43 S16S
100 ## - MAIN ENTRY--PERSONAL NAME
Personal name Shalini, A C
245 #0 - TITLE STATEMENT
Title System software
260 ## - PUBLICATION, DISTRIBUTION, ETC. (IMPRINT)
Place of publication, distribution, etc Chennai
Name of publisher, distributor, etc Scitech Publications India
Date of publication, distribution, etc 2013
300 ## - PHYSICAL DESCRIPTION
Pages v. p.
500 ## - GENERAL NOTE
General note 2050 20/03/2015 RBP44836 25/03/2015 Main Budget
942 ## - ADDED ENTRY ELEMENTS (KOHA)
Koha item type Books
Holdings
Withdrawn status Lost status Damaged status Not for loan Location (home branch) Sublocation or collection (holding branch) Date acquired Koha issues (times borrowed) Koha full call number Accession No. Koha date last seen Koha item type Source of classification or shelving scheme
        VIVEKANANDA LIBRARY VIVEKANANDA LIBRARY 07/04/2015   005.43 S16S 343056 17/09/2023 Books  
Withdrawn Lost and paid for     VIVEKANANDA LIBRARY VIVEKANANDA LIBRARY 07/04/2015   005.43 S16S 348824 17/09/2023 Books Dewey Decimal Classification
        VIVEKANANDA LIBRARY VIVEKANANDA LIBRARY 07/04/2015   005.43 S16S 348825 17/09/2023 Books  
        VIVEKANANDA LIBRARY VIVEKANANDA LIBRARY 07/04/2015   005.43 S16S 348826 17/09/2023 Books  
        VIVEKANANDA LIBRARY VIVEKANANDA LIBRARY 07/04/2015   005.43 S16S 348827 17/09/2023 Books  
© Designed and Maintained by Vivekananda Library, MDU Rohtak